00837nam a2200217Ii 45000010005000000030009000050080041000140400033000550410008000880820020000961000041001162450062001572640094002193000012003133360026003253370028003513380027003799400050004069990017004569520146004734010CO-ViMGA241108s9999||||xx |||||||||||||| ||und|| aCO-ViMGAbspaerdacCO-ViMGA0 aunk04a379.209861-H4731 aGuillermo Hernández de Alba94752010aDocumentos para la historia de la educación en Colombia 1a[Lugar de publicación no identificado] : Patronato colombiano de artes y ciencias, 1969 avolumen atextbtxt2rdacontent aunmediatedbn2rdamedia avolumebnc2rdacarrier aidficha_siabuc: 3920. -- ficha_no_siabuc:4010 c52123d52123 001040708001aMEVIGERRbMEVIGERRcGENd2006-11-27hVol.1o379.209861-H473pECA2703r2024-11-26 10:08:53tEj.1w2024-11-26yBKz3920 | 5739